LEADER 02949 am 22006253u 450 001 9910348239403321 005 20210221113615.0 010 $a1-135-30612-5 010 $a3-7186-5329-X 010 $a1-135-30613-3 010 $a1-280-22681-1 010 $a9786610226818 010 $a0-203-98968-6 024 7 $a10.4324/9780203989685 035 $a(CKB)1000000000250335 035 $a(EBL)254512 035 $a(OCoLC)264474511 035 $a(SSID)ssj0000163273 035 $a(PQKBManifestationID)11179626 035 $a(PQKBTitleCode)TC0000163273 035 $a(PQKBWorkID)10105863 035 $a(PQKB)11669808 035 $a(MiAaPQ)EBC254512 035 $a(OCoLC)826516401 035 $a(EXLCZ)991000000000250335 100 $a20180331d1993 uy 0 101 0 $aeng 135 $aur|n|---||||| 181 $ctxt 182 $cc 183 $acr 200 10$aGlobal culture, island identity $econtinuity and change in the Afro-Caribbean community of Nevis /$fKaren Fog Olwig 210 1$aSwitzerland ;$a[Philadelphia] :$cHarwood Academic Publishers,$d1993. 215 $a1 online resource (218 p.) 225 1 $aStudies in anthropology and history,$x1055-2464 ;$vv. 8 300 $aDescription based upon print version of record. 311 $a1-138-18068-8 311 $a3-7186-0624-0 320 $aIncludes bibliographical references (p. 209-230) and index. 327 $aBook Cover; Half-Title; Title; Copyright; Contents; Illustrations; Preface; Introduction; 1 Africans in English Patriachy; 2 Afro-Caribbean Culture, Euro-Caribbean Institutions; 3 The Methodist Society; 4 In a Free Society; 5 The Struggle for Recognition; 6 The Demise of the Local:the background for a global community; 7 The Global Community; 8 Global Culture, Island Identity; CONCLUSION; References; Index 330 $aLooking at the development of cultural identity in the global context, this text uses the approach of historical anthropology. It examines the way in which the West Indian Community of Nevis, has, since the 1600s, incorporated both African and European cultural elements into the framework of social life, to create an Afro-Caribbean culture that was distinctive and yet geographically unbounded - a ""global culture"". The book takes as its point of departure the processes of cultural interaction and reflectivity. It argues that the study of cultural continuity should be guided by the notion o 410 0$aStudies in anthropology and history ;$vv. 8. 606 $aAnthropology$zSaint Kitts and Nevis$zNevis 607 $aNevis$xCivilization 607 $aNevis$xRace relations 608 $aElectronic books. 615 0$aAnthropology 676 $a972.973 700 $aOlwig$b Karen Fog$f1948,$0982651 801 0$bFlBoTFG 801 1$bFlBoTFG 906 $aBOOK 912 $a9910348239403321 996 $aGlobal culture, island identity$92242588 997 $aUNINA LEADER 03826 am 2200685 n 450 001 9910137103303321 005 20160525 010 $a2-7351-1866-5 024 7 $a10.4000/books.editionsmsh.6331 035 $a(CKB)3710000000824675 035 $a(FrMaCLE)OB-editionsmsh-6331 035 $a(oapen)https://directory.doabooks.org/handle/20.500.12854/42849 035 $a(PPN)197595952 035 $a(EXLCZ)993710000000824675 100 $a20160812j|||||||| ||| 0 101 0 $afre 135 $auu||||||m|||| 181 $ctxt$2rdacontent 182 $cc$2rdamedia 183 $acr$2rdacarrier 200 10$aCélébrer le pouvoir $eDasa?, une fête royale au Népal /$fGisèle Krauskopff, Marie Lecomte-Tilouine 210 $aParis $cÉditions de la Maison des sciences de l?homme$d2016 215 $a1 online resource (368 p.) 311 $a2-7351-0701-9 330 $aPar son aspect sanglant, son déploiement exubérant de rituels et son usage politique, Dasa?, la fête nationale du Népal, est une mise en scène particulièrement frappante du pouvoir. Quand débute Dasa?, le monde est vide, le temps est arrêté. A l'issue des dix jours de cérémonies, toute la société renaît autour du roi, de son chapelain et de la Déesse. Des danses, des chants, des festins et des beuveries célèbrent alors ce renouveau. Ce recueil de textes offre une approche contextuelle et comparée des variantes de ce culte officiel qui est seule à même d'en dévoiler le sens général. Chaque chapitre forme un tout et enrichit la connaissance historique et sociale du Népal. Entre sources indiennes et histoire himalayenne, la portée politique du rituel a engendré le développement de formes locales spécifiques. Dasa? a participé au processus d'unification des royaumes himalayens qui constituèrent l'État-nation népalais. La fête célèbre la Déesse et son triomphe sur les forces démoniaques. Ce drame cosmique sert de trame aux représentations de la souveraineté. La reconsécration du roi qui clôt chaque année la cérémonie révèle une conception contractuelle de l'autorité royale. Les conflits latents de la société hindoue, entre classe royale et sacerdotale, entre le roi des rois et ses vassaux, s'y expriment également. Parler d'histoire politique au travers d'un rituel, c'est aussi, dans le cas du Népal, éclairer les relations qu'entretiennent les minorités ? religieuses ou tribales ? avec le pouvoir central, s'appropriant ses symboles, s'y soumettant ou s'y opposant. 606 $aDurga?-pu?ja? (Hindu festival) 606 $aRites and ceremonies$zNepal$xHistory 610 $acérémonie religieuse 610 $aculte 610 $adivin 610 $afête (ethnologie) 610 $aDurgä 610 $ahistoire 610 $apouvoir 610 $aNépal 610 $aDargä-püjä 610 $afête nationale 610 $ahindouisme 610 $arite 615 0$aDurga?-pu?ja? (Hindu festival) 615 0$aRites and ceremonies$xHistory. 700 $aBouillier$b Véronique$0649360 701 $aGaborieau$b Marc$01283944 701 $aJest$b Corneille$0666654 701 $aKrauskopf$b Gisèle$01307852 701 $aKrauskopff$b Gisèle$01234766 701 $aLecomte-Tilouine$b Marie$01234767 701 $aRamirez$b Philippe$01307853 701 $aSagant$b Philippe$0250837 701 $aShrestha$b Bihari K$01307854 701 $aShrestha$b Kesar Lall$01307855 701 $aToffin$b Gérard$0673702 701 $aUnbescheid$b Günter$01307856 701 $aKrauskopff$b Gisèle$01234766 701 $aLecomte-Tilouine$b Marie$01234767 801 0$bFR-FrMaCLE 906 $aBOOK 912 $a9910137103303321 996 $aCélébrer le pouvoir$93029044 997 $aUNINA